Best NBA current 2025 big three on each team. - Statistics

General Stats
  • This quiz has been taken 194 times
  • The average score is 23 of 30
Answer Stats
Hint Answer Answer Anser % Correct
Suns Kevin Durant Devin Booker Bradley Beal
100%
Lakers LeBron James Anthony Davis Austin Reaves
100%
Warriors Stephen Curry Andrew Wiggins Draymond Green
100%
Clippers Kawhi Leonard James Harden Norman Powell
97%
Nuggets Nikola Jokic Jamal Murray Michael Porter Jr
96%
Kings De'Aaron Fox Domantas Sabonis DeMar Derozan
95%
Timberwolves Anthony Edwards Julius Randle Rudy Gobert
88%
Mavericks Luka Doncic Kyrie Irving Klay Thompson
88%
Thunder Shai Gilgeous Alexander Jalen Williams Chet Holmgren
88%
Grizzlies Ja Morant Jaren Jackson Jr Desmond Bane
87%
Spurs Victor Wembanyama Chris Paul Jeremy Sochan
86%
Pelicans Zion Williamson Brandon Ingram Dejounte Murray
84%
Cavaliers Donovan Mitchell Darius Garland Evan Mobley
81%
Hornets LaMelo Ball Brandon Miller Miles Bridges
81%
Pistons Cade Cunningham Jaden Ivey Jalen Duren
80%
Pacers Tyrese Haliburton Paskal Siakam Myles Turner
80%
Knicks Jalen Brunson Karl Anthony Towns Mikal Bridges
79%
Heat Jimmy Butler Bam Adebayo Tyler Herro
79%
Hawks Trae Young Jalen Johnson Dyson Daniels
79%
Celtics Jayson Tatum Jaylen Brown Jrue Holiday
78%
76ers Joel Embiid Paul George Tyrese Maxey
78%
Rockets Jalen Green Alperen Sengun Fred Vanvleet
75%
Magic Paolo Banchero Franz Wagner Jalen Suggs
73%
Wizards Jordan Poole Kyle Kuzma Jonas Valacunas
72%
Trail Blazers Anfernee Simons Deni Avijda Deandre Ayton
67%
Raptors Scottie Barnes Gradey Dick Rj Barrett
65%
Nets Nic Claxton Cam Thomas Cam Johnson
44%
Bulls Josh Giddey Coby White Zach Lavine
36%
Bucks Giannis Antetokoumpo Damian Lillard Khris Middleton
4%
Jazz Lauri Markenen Collin Sexton John Collins
2%
No matching quizzes found
Score Distribution
Percent of People with Each Score
Percentile by Number Answered
Your Score History
You have not taken this quiz